[Event "VI Festival A"]
[Site "Savigliano ITA"]
[Date "2007.06.02"]
[Round "4"]
[White "Leoni, Alessandro"]
[Black "Martin, Tiziano"]
[Result "1/2-1/2"]
[WhiteElo "1838"]
[BlackElo "2008"]
[PlyCount "47"]
[EventDate "2007.05.31"]

1. e4 e5 2. Nf3 d6 3. d4 exd4 4. Nxd4 Nf6 5. Nc3 Be7 6. Be2 O-O 7. O-O Nc6 8.
f4 Re8 9. Bf3 Bf8 10. Nxc6 bxc6 11. e5 dxe5 12. Bxc6 Bc5+ 13. Kh1 Ba6 14. Bxe8
Qxe8 15. fxe5 Qxe5 16. Bf4 Qf5 17. Bxc7 Qc8 18. Bg3 Bxf1 19. Qxf1 Bd4 20. Rd1
Bxc3 21. bxc3 Qxc3 22. Qd3 Qxd3 23. Rxd3 Ne4 24. Kg1 1/2-1/2

[Event "VI Festival A"]
[Site "Savigliano ITA"]
[Date "2007.06.02"]
[Round "4"]
[White "Mennuti, Alberto"]
[Black "Angioni, Gian Carlo"]
[Result "1/2-1/2"]
[WhiteElo "1710"]
[BlackElo "1805"]
[PlyCount "67"]
[EventDate "2007.05.31"]

1. d4 d5 2. c4 c6 3. Nc3 Nf6 4. Nf3 e6 5. e3 Nbd7 6. Qc2 Bb4 7. Bd3 a6 8. Bd2
dxc4 9. Bxc4 b5 10. Bd3 Bb7 11. a3 Be7 12. Rc1 c5 13. Be2 Rc8 14. O-O O-O 15.
Rfd1 b4 16. Nb1 cxd4 17. Qb3 Bd5 18. Qa4 bxa3 19. Rxc8 Qxc8 20. Rc1 Qb7 21.
bxa3 d3 22. Bd1 Ne4 23. Qd4 Nec5 24. Nc3 Bf6 25. Qb4 Bxf3 26. Bxf3 Qxb4 27.
axb4 Nb3 28. Rd1 Nxd2 29. Rxd2 Ne5 30. Bb7 Rb8 31. Bxa6 Rxb4 32. Nd1 Rb3 33. f4
Nc6 34. Bxd3 1/2-1/2

[Event "VI Festival A"]
[Site "Savigliano ITA"]
[Date "2007.06.02"]
[Round "4"]
[White "Militello, Michele"]
[Black "Lizzari, Nicola"]
[Result "1/2-1/2"]
[WhiteElo "2020"]
[BlackElo "1859"]
[PlyCount "73"]
[EventDate "2007.05.31"]

1. d4 Nf6 2. Nf3 d5 3. e3 b6 4. Bd3 Bb7 5. O-O Nbd7 6. Nbd2 e6 7. c3 Be7 8. b4
c5 9. a3 c4 10. Bc2 O-O 11. a4 a6 12. Qe2 Qc7 13. e4 dxe4 14. Nxe4 Nxe4 15.
Bxe4 Bxe4 16. Qxe4 Nf6 17. Qc2 b5 18. Bg5 h6 19. Bxf6 Bxf6 20. Rfe1 Qd7 21. a5
Qc7 22. Ne5 Rae8 23. Qe4 Bxe5 24. Qxe5 Qd7 25. Re3 f6 26. Qg3 Rf7 27. Rae1 Rfe7
28. h4 Qd5 29. f4 Qd6 30. h5 Qd5 31. Qg4 e5 32. fxe5 fxe5 33. dxe5 Rxe5 34.
Rxe5 Rxe5 35. Rxe5 Qxe5 36. Qc8+ Kh7 37. Qxa6 1/2-1/2

[Event "VI Festival A"]
[Site "Savigliano ITA"]
[Date "2007.06.02"]
[Round "4"]
[White "Mrdja, Milan"]
[Black "Borgo, Giulio"]
[Result "0-1"]
[WhiteElo "2367"]
[BlackElo "2418"]
[PlyCount "60"]
[EventDate "2007.05.31"]

1. e4 d5 2. exd5 Qxd5 3. Nc3 Qd6 4. d4 Nf6 5. Nf3 c6 6. Bd3 Bg4 7. Be3 Nbd7 8.
h3 Bh5 9. Qe2 e6 10. O-O-O Qc7 11. g4 Bg6 12. Ng5 Nb6 13. f4 O-O-O 14. Rhf1 Bb4
15. Nce4 h6 16. Nxf6 Bxd3 17. Rxd3 hxg5 18. Ne4 Rxh3 19. Nxg5 Rhh8 20. c3 Bd6
21. f5 Rde8 22. fxe6 f6 23. Nf7 Rh2 24. Qf3 Nd5 25. Bg1 Rh7 26. c4 Nb4 27. Re3
g5 28. Kb1 Bf4 29. Re4 Rxf7 30. exf7 Qxf7 0-1

[Event "VI Festival A"]
[Site "Savigliano ITA"]
[Date "2007.06.02"]
[Round "4"]
[White "Ortega, Lexy"]
[Black "Pulito, Alberto"]
[Result "0-1"]
[WhiteElo "2425"]
[BlackElo "2277"]
[PlyCount "58"]
[EventDate "2007.05.31"]

1. d4 d5 2. Bf4 Nf6 3. e3 e6 4. Nf3 Be7 5. Nbd2 c5 6. c3 Nc6 7. Bd3 O-O 8. Ne5
cxd4 9. exd4 Nxe5 10. dxe5 Nd7 11. Qh5 f5 12. Nf3 Nc5 13. Bc2 Bd7 14. Nd4 Qb6
15. Bc1 Qc7 16. Qe2 Ne4 17. Rb1 Qxe5 18. f3 Bh4+ 19. Kf1 Qd6 20. g3 Bxg3 21.
Kg2 Bh4 22. fxe4 fxe4 23. Qh5 Rf2+ 24. Kg1 Qf8 25. Be3 Qf6 26. Ne2 Rf8 27. Ng3
e5 28. Bb3 Bh3 29. Bxd5+ Kh8 0-1

[Event "VI Festival A"]
[Site "Savigliano ITA"]
[Date "2007.06.02"]
[Round "4"]
[White "Rossi, Vittorio"]
[Black "Sola, Giuseppe"]
[Result "0-1"]
[WhiteElo "2213"]
[BlackElo "1935"]
[PlyCount "77"]
[EventDate "2007.05.31"]

1. e4 c6 2. d4 d5 3. e5 Bf5 4. Bd3 Bxd3 5. Qxd3 e6 6. Nf3 Ne7 7. O-O Nd7 8. Be3
Nf5 9. c3 Be7 10. Nbd2 O-O 11. b4 b6 12. Rfc1 c5 13. b5 c4 14. Qe2 a6 15. a4
Qc7 16. Nf1 Ra7 17. Ra2 Rfa8 18. Rca1 Qb7 19. Bg5 Bf8 20. g4 Ne7 21. Qc2 Nb8
22. Ng3 Qd7 23. bxa6 Rxa6 24. Bh4 Qa7 25. Nh5 b5 26. Qd2 Nbc6 27. Bg3 Ng6 28.
h4 b4 29. Nxg7 Kxg7 30. h5 b3 31. hxg6 bxa2 32. gxh7 Kh8 33. Qf4 Bg7 34. Bh4
Qb8 35. Ng5 R6a7 36. Nxf7+ Rxf7 37. Qxf7 Qb1+ 38. Kg2 Rf8 39. Qg6 0-1

[Event "VI Festival A"]
[Site "Savigliano ITA"]
[Date "2007.06.02"]
[Round "4"]
[White "Saccona, Silvano"]
[Black "Vozza, Nicola"]
[Result "1-0"]
[WhiteElo "2159"]
[BlackElo "1995"]
[PlyCount "95"]
[EventDate "2007.05.31"]

1. Nf3 Nf6 2. g3 g6 3. Bg2 Bg7 4. O-O O-O 5. Nc3 d5 6. d4 a5 7. Re1 Na6 8. Ne5
c6 9. e3 Nd7 10. Nxd7 Qxd7 11. a3 Qd8 12. Ne2 f5 13. c3 Nc7 14. Bd2 a4 15. c4
e6 16. Rc1 Ne8 17. Bb4 Rf7 18. Nc3 dxc4 19. Nxa4 Nf6 20. Nc3 Nd5 21. Na2 b5 22.
b3 Nxb4 23. Nxb4 Bb7 24. bxc4 Rxa3 25. Nxc6 Bxc6 26. Bxc6 bxc4 27. Rxc4 Rfa7
28. Qc1 Qa5 29. Bf3 Ra1 30. Rc8+ Kf7 31. Qxa1 Qxa1 32. Rxa1 Rxa1+ 33. Kg2 Ra7
34. Bc6 Ke7 35. Bb5 Rb7 36. Bc4 Kd6 37. Ra8 Rb6 38. Ra7 Bf6 39. Rxh7 Rc6 40.
Be2 Rc2 41. Bf1 Rc7 42. Rh6 Rc1 43. Rh8 e5 44. dxe5+ Kxe5 45. Ra8 Rc7 46. Ra6
Rf7 47. Bc4 Rf8 48. Re6# 1-0

[Event "VI Festival A"]
[Site "Savigliano ITA"]
[Date "2007.06.02"]
[Round "4"]
[White "Scipioni, Gaetano"]
[Black "Abbura', Davide"]
[Result "1-0"]
[WhiteElo "2096"]
[BlackElo "1683"]
[PlyCount "75"]
[EventDate "2007.05.31"]

1. d4 d5 2. Nf3 Nf6 3. Bf4 Nbd7 4. e3 Ne4 5. Nbd2 Ndf6 6. h3 e6 7. c3 Nxd2 8.
Qxd2 Bd6 9. Ne5 Nh5 10. Bd3 Nxf4 11. exf4 Bxe5 12. fxe5 Qe7 13. O-O Bd7 14. a4
a5 15. f4 c5 16. Qf2 cxd4 17. Qxd4 g6 18. g4 Rc8 19. Kf2 Qc5 20. Rfc1 Qxd4+ 21.
cxd4 Ke7 22. b3 Rxc1 23. Rxc1 Rc8 24. Rxc8 Bxc8 25. Kg3 Bd7 26. f5 Bc6 27. Kf4
Kf8 28. Kg5 Kg7 29. h4 h6+ 30. Kf4 Bd7 31. Bc2 Bc6 32. Ke3 Bd7 33. f6+ Kf8 34.
g5 h5 35. Kd3 Ke8 36. Kd2 Kd8 37. Kc3 Kc7 38. Bxg6 1-0

[Event "VI Festival A"]
[Site "Savigliano ITA"]
[Date "2007.06.02"]
[Round "4"]
[White "Vinciguerra, Marco"]
[Black "Peric, Slavisa"]
[Result "1/2-1/2"]
[WhiteElo "2059"]
[BlackElo "2289"]
[PlyCount "77"]
[EventDate "2007.05.31"]

1. Nf3 d5 2. c4 c6 3. b3 Bg4 4. e3 e6 5. Be2 Be7 6. Bb2 Bf6 7. Ne5 Bxe2 8. Qxe2
Nd7 9. f4 dxc4 10. bxc4 Qa5 11. Bc3 Qc7 12. Nxd7 Qxd7 13. O-O Rd8 14. d4 c5 15.
d5 exd5 16. Rd1 Qc6 17. cxd5 Rxd5 18. Rxd5 Qxd5 19. Qb5+ Qc6 20. a4 a6 21.
Qxc6+ bxc6 22. Ra3 Kd7 23. Nd2 Ke6 24. e4 Bd4+ 25. Bxd4 cxd4 26. Nb3 Kd6 27.
Nxd4 Kc5 28. Nc2 Kc4 29. Kf2 Nf6 30. Kf3 Rd8 31. Ne3+ Kb4 32. Nc2+ Ka5 33. h3
Rd1 34. e5 Nd5 35. Ne3 Kb4 36. Nc2+ Ka5 37. Ne3 Nxe3 38. Kxe3 Kb4 39. Rd3
1/2-1/2

[Event "VI Festival A"]
[Site "Savigliano ITA"]
[Date "2007.06.03"]
[Round "5"]
[White "Abbura', Davide"]
[Black "Araniti, Michelangelo"]
[Result "1/2-1/2"]
[WhiteElo "1683"]
[BlackElo "1869"]
[PlyCount "56"]
[EventDate "2007.05.31"]

1. e4 e6 2. d4 d5 3. e5 c5 4. c3 Nc6 5. Nf3 Nge7 6. Be2 Ng6 7. O-O Be7 8. Re1
O-O 9. b3 Bd7 10. Na3 a6 11. Nc2 b5 12. Ba3 Qb6 13. b4 cxb4 14. cxb4 Rfc8 15.
Rc1 Rc7 16. Qd2 Rac8 17. Bb2 Nb8 18. a3 Qb7 19. Bd3 Be8 20. Na1 Nd7 21. Rxc7
Rxc7 22. Nb3 Nb6 23. Nc5 Qa7 24. g3 Nc4 25. Bxc4 bxc4 26. h4 Nf8 27. h5 Nd7 28.
Ng5 Nxc5 1/2-1/2

[Event "VI Festival A"]
[Site "Savigliano ITA"]
[Date "2007.06.03"]
[Round "5"]
[White "Aghayev, Miragha"]
[Black "Ortega, Lexy"]
[Result "0-1"]
[WhiteElo "1923"]
[BlackElo "2425"]
[PlyCount "58"]
[EventDate "2007.05.31"]

1. e4 c5 2. Nf3 e6 3. d4 cxd4 4. Nxd4 a6 5. Be3 Nf6 6. Nd2 Qc7 7. Be2 Bc5 8. c3
d6 9. O-O O-O 10. Rc1 Nbd7 11. b4 Ba7 12. c4 Re8 13. f3 b6 14. Bf2 Bb7 15. Qa4
Rac8 16. N2b3 Qb8 17. Qa3 Nh5 18. g3 Nhf6 19. Rfd1 h6 20. h3 Rc7 21. b5 d5 22.
bxa6 Ba8 23. Nb5 dxe4 24. Nxc7 Qxc7 25. Nd4 b5 26. Nxb5 Qxg3+ 27. Kh1 Qxh3+ 28.
Kg1 Qg3+ 29. Kh1 Bxf2 0-1

[Event "VI Festival A"]
[Site "Savigliano ITA"]
[Date "2007.06.03"]
[Round "5"]
[White "Angioni, Gian Carlo"]
[Black "Sattanino, Andrea"]
[Result "0-1"]
[WhiteElo "1805"]
[BlackElo "1855"]
[PlyCount "54"]
[EventDate "2007.05.31"]

1. e4 e5 2. Nf3 Nf6 3. d4 Nxe4 4. Bd3 d5 5. Nxe5 Nd7 6. Nxd7 Bxd7 7. O-O Be7 8.
c4 Nf6 9. Nc3 dxc4 10. Bxc4 O-O 11. Re1 h6 12. Bf4 Bf5 13. Bb3 Bb4 14. a3 Ba5
15. Re5 Bxc3 16. bxc3 Bg6 17. Qe2 Re8 18. Re1 Qd7 19. Qe3 c6 20. Qg3 Kh7 21.
Qh4 Ng4 22. Re7 Rxe7 23. Qxe7 Qf5 24. Bg3 Nf6 25. Qxb7 Re8 26. Rf1 Qd3 27. Qxc6
Qxf1+ 0-1

[Event "VI Festival A"]
[Site "Savigliano ITA"]
[Date "2007.06.03"]
[Round "5"]
[White "Artero, Carlo"]
[Black "Militello, Michele"]
[Result "1-0"]
[WhiteElo "1548"]
[BlackElo "2020"]
[PlyCount "91"]
[EventDate "2007.05.31"]

1. e4 d6 2. d4 Nf6 3. Nc3 c6 4. a4 Nbd7 5. f3 e5 6. Be3 Be7 7. Qd2 Qa5 8. Bc4
b5 9. Bb3 b4 10. Nce2 Rb8 11. g4 Nf8 12. Ng3 Ne6 13. Nf5 Kf8 14. Bxe6 fxe6 15.
Nxe7 Kxe7 16. dxe5 dxe5 17. O-O-O Rd8 18. Qxd8+ Qxd8 19. Rxd8 Kxd8 20. Bxa7 Rb7
21. Be3 Nd7 22. Ne2 Ke7 23. h4 Nb6 24. b3 Nd7 25. g5 Rc7 26. Kb2 c5 27. c3
bxc3+ 28. Nxc3 Ba6 29. a5 Rb7 30. Ka3 Kd6 31. Rd1+ Kc6 32. f4 exf4 33. Bxf4 e5
34. Bg3 Rb8 35. Rd5 Re8 36. Na4 Bf1 37. Bf2 Bg2 38. Nxc5 Bxe4 39. Rxd7 Bf5 40.
Rxg7 e4 41. Be3 Rd8 42. a6 Rd1 43. Kb2 Rd8 44. a7 Ra8 45. Na6 Bd7 46. Nb8+ 1-0

[Event "VI Festival A"]
[Site "Savigliano ITA"]
[Date "2007.06.03"]
[Round "5"]
[White "Blengino, Luca"]
[Black "Aglietti, Graziano"]
[Result "1-0"]
[WhiteElo "1854"]
[BlackElo "2054"]
[PlyCount "45"]
[EventDate "2007.05.31"]

1. d4 f5 2. c4 Nf6 3. Nc3 e6 4. f3 Be7 5. e4 d6 6. Bd3 O-O 7. e5 dxe5 8. dxe5
Nfd7 9. f4 g5 10. Qh5 Nc6 11. Nf3 g4 12. Nd2 Ndxe5 13. Bb1 Nd3+ 14. Bxd3 Qxd3
15. h3 Nd4 16. hxg4 Nc2+ 17. Kd1 Ne3+ 18. Ke1 fxg4 19. Nde4 Nxg2+ 20. Kf2 Qf3+
21. Kg1 Rf7 22. Rh2 Ne3 23. Rf2 1-0

[Event "VI Festival A"]
[Site "Savigliano ITA"]
[Date "2007.06.03"]
[Round "5"]
[White "Borgo, Giulio"]
[Black "Saccona, Silvano"]
[Result "1-0"]
[WhiteElo "2418"]
[BlackElo "2159"]
[PlyCount "101"]
[EventDate "2007.05.31"]

1. c4 b6 2. Nc3 Bb7 3. e4 g6 4. d4 Bg7 5. Be3 d6 6. Qd2 a5 7. h4 h5 8. Nh3 Nf6
9. f3 Nbd7 10. O-O-O Qb8 11. Nf2 a4 12. g4 Kf8 13. g5 Ne8 14. Bh3 Bc8 15. f4 c6
16. f5 Kg8 17. Nd3 Kh7 18. Nf4 Nc7 19. e5 dxe5 20. fxg6+ fxg6 21. Nxg6 Kxg6 22.
Qd3+ Kf7 23. Rhf1+ Kg8 24. Qg6 Nf8 25. Qf7+ Kh7 26. Qxh5+ Kg8 27. Qf7+ Kh7 28.
g6+ Nxg6 29. Rg1 Bg4 30. Rxg4 Qe8 31. Qf5 e6 32. Qh5+ Kg8 33. Qxg6 Qxg6 34.
Rxg6 Rxh4 35. Rdg1 Rxh3 36. Rxg7+ Kh8 37. Rxc7 Rxe3 38. dxe5 a3 39. Kd2 Rxe5
40. b3 Rd8+ 41. Kc2 Rh5 42. Rg2 b5 43. Rxc6 b4 44. Ne4 Rh3 45. Rxe6 Rh1 46. Nd6
Rf8 47. Re8 Rxe8 48. Nxe8 Ra1 49. Kd3 Rb1 50. Nc7 Rb2 51. Rxb2 1-0

[Event "VI Festival A"]
[Site "Savigliano ITA"]
[Date "2007.06.03"]
[Round "5"]
[White "Cordara, Michele"]
[Black "Giacomasso, Enrico"]
[Result "1/2-1/2"]
[WhiteElo "2152"]
[BlackElo "1948"]
[PlyCount "26"]
[EventDate "2007.05.31"]

1. c4 e5 2. g3 Nf6 3. Bg2 Nc6 4. d3 d5 5. cxd5 Nxd5 6. Nf3 Bb4+ 7. Nfd2 O-O 8.
a3 Bc5 9. O-O a5 10. Nc3 Be6 11. Nc4 Be7 12. Nxd5 Bxd5 13. e3 Qd7 1/2-1/2

[Event "VI Festival A"]
[Site "Savigliano ITA"]
[Date "2007.06.03"]
[Round "5"]
[White "Finocchiaro, Gianluca"]
[Black "Rossi, Vittorio"]
[Result "0-1"]
[WhiteElo "1939"]
[BlackElo "2213"]
[PlyCount "34"]
[EventDate "2007.05.31"]

1. e4 e5 2. Nf3 Nc6 3. Nc3 Nf6 4. d4 d6 5. dxe5 Nxe5 6. Nxe5 dxe5 7. Qxd8+ Kxd8
8. Bg5 c6 9. O-O-O+ Kc7 10. Bc4 Ng4 11. Bh4 Bc5 12. Rd2 f5 13. Na4 Bb4 14. c3
Bf8 15. Rd8 Nf6 16. Bxf6 gxf6 17. Rhd1 Bh6+ 0-1

[Event "VI Festival A"]
[Site "Savigliano ITA"]
[Date "2007.06.03"]
[Round "5"]
[White "Gallitto, Salvatore"]
[Black "Viglino, Antonio"]
[Result "1/2-1/2"]
[WhiteElo "1939"]
[BlackElo "1847"]
[PlyCount "176"]
[EventDate "2007.05.31"]

1. d4 Nf6 2. e3 b6 3. f4 c5 4. c3 Nc6 5. Nf3 g6 6. Be2 Bg7 7. Ne5 Bb7 8. Bf3
Qc7 9. O-O d6 10. Nxc6 Bxc6 11. d5 Bd7 12. a4 Rd8 13. e4 e5 14. fxe5 dxe5 15.
Na3 O-O 16. Nc4 Ne8 17. Bg5 f6 18. Bh4 Bc8 19. Qb3 Nd6 20. Nxd6 Rxd6 21. c4 a5
22. Qd3 Bd7 23. b3 Be8 24. g4 g5 25. Bg3 Bg6 26. Ra2 Kf7 27. Raf2 Ke7 28. Qe3
Rdd8 29. Kg2 Kd6 30. Rh1 Qe7 31. Kf1 h6 32. Ke2 Rf7 33. h3 Rh8 34. Rfh2 Rff8
35. Kd3 Be8 36. Qe2 Bd7 37. Be1 Rf7 38. Bd2 Rhf8 39. Qd1 Bc8 40. Qe2 Bd7 41.
Rf2 Bc8 42. Rhf1 Bd7 43. Bc3 Bc8 44. Qd2 Bd7 45. Ke3 Rh8 46. Qb2 Rhf8 47. Ra1
Rh8 48. Qd2 Rhf8 49. Bd1 Rh8 50. Bxa5 bxa5 51. Qxa5 Bc8 52. b4 Qc7 53. Qxc7+
Kxc7 54. b5 Bd7 55. Rb2 h5 56. b6+ Kb7 57. gxh5 f5 58. a5 f4+ 59. Kf2 Ka6 60.
b7 Rb8 61. Rb6+ Ka7 62. Rab1 Bxh3 63. a6 Rf6 64. d6 g4 65. Rc6 g3+ 66. Kf3 g2
67. Ba4 Bf8 68. d7 Rxc6 69. Bxc6 Bd6 70. Bb5 Rg8 71. Rg1 Bc7 72. Kf2 Ba5 73.
Rd1 Rd8 74. Rd3 Be1+ 75. Kg1 Bg4 76. Kxg2 f3+ 77. Rxf3 Bxf3+ 78. Kxf3 Bd2 79.
Kg4 Kb8 80. Kf5 Bf4 81. Ke6 Kc7 82. Kd5 Kb6 83. Kd6 Rh8 84. Ke6 Rh6+ 85. Kd5
Rh8 86. Ke6 Rh6+ 87. Kd5 Rh8 88. Ke6 Rh6+ 1/2-1/2

[Event "VI Festival A"]
[Site "Savigliano ITA"]
[Date "2007.06.03"]
[Round "5"]
[White "Lizzari, Nicola"]
[Black "Blundo, Michele"]
[Result "0-1"]
[WhiteElo "1859"]
[BlackElo "1742"]
[PlyCount "46"]
[EventDate "2007.05.31"]

1. d4 Nf6 2. c4 e6 3. Nc3 d5 4. e3 Be7 5. Nf3 Nbd7 6. Bd3 b6 7. cxd5 exd5 8.
O-O O-O 9. Bd2 Bb7 10. Rc1 c5 11. Re1 Ne4 12. Qc2 f5 13. Rcd1 Rc8 14. Bc1 a6
15. Bxe4 fxe4 16. Ne5 cxd4 17. Nxd7 Qxd7 18. Rxd4 Qe6 19. Qb3 Rc4 20. a3 b5 21.
Nxe4 dxe4 22. a4 Bd5 23. Red1 Rxd4 0-1

[Event "VI Festival A"]
[Site "Savigliano ITA"]
[Date "2007.06.03"]
[Round "5"]
[White "Malano, Francesco"]
[Black "Davi, Alessandro"]
[Result "1/2-1/2"]
[WhiteElo "1980"]
[BlackElo "1731"]
[PlyCount "109"]
[EventDate "2007.05.31"]

1. Nf3 Nf6 2. b3 d5 3. Bb2 g6 4. c4 dxc4 5. bxc4 Bg7 6. d4 Be6 7. e3 c6 8. Nc3
Qa5 9. Be2 Nbd7 10. O-O Nb6 11. Nd2 Rd8 12. Qc2 O-O 13. Rfd1 Ne8 14. Nce4 Bf5
15. Bc3 Qa4 16. Qb3 Nd6 17. Nc5 Qxb3 18. axb3 Nbc8 19. f3 b6 20. Na4 g5 21. e4
Bg6 22. d5 cxd5 23. Bxg7 Kxg7 24. cxd5 Rfe8 25. Nc4 e6 26. Nc3 exd5 27. Nxd5
Bh5 28. g4 Bg6 29. Kf2 h5 30. h3 hxg4 31. hxg4 Rh8 32. Nxd6 Rxd6 33. Ba6 Rd7
34. Rdc1 Ne7 35. Bb5 Rb7 36. Bc6 Nxc6 37. Rxc6 Rh2+ 38. Ke3 Rb2 39. Ra3 Rb1 40.
Kd4 Rd1+ 41. Kc4 b5+ 42. Kc5 Rd3 43. Rc7 Rxc7+ 44. Nxc7 Rxf3 45. Nxb5 Bxe4 46.
Nd4 Rf4 47. Rxa7 Rxg4 48. b4 Rg1 49. b5 Rb1 50. b6 g4 51. Re7 Ba8 52. Re3 Kg6
53. Re8 Bb7 54. Re7 Ba8 55. Re8 1/2-1/2

[Event "VI Festival A"]
[Site "Savigliano ITA"]
[Date "2007.06.03"]
[Round "5"]
[White "Martin, Tiziano"]
[Black "Gioseffi, Massimiliano"]
[Result "1-0"]
[WhiteElo "2008"]
[BlackElo "1939"]
[PlyCount "105"]
[EventDate "2007.05.31"]

1. d4 Nf6 2. Nf3 g6 3. Bf4 Bg7 4. e3 d6 5. Be2 O-O 6. h3 c5 7. c3 Qb6 8. Qb3
Qxb3 9. axb3 cxd4 10. exd4 Nc6 11. Nbd2 Bd7 12. Bc4 d5 13. Bd3 Nh5 14. Be3 f5
15. Nb1 f4 16. Bc1 e5 17. dxe5 Rae8 18. O-O a6 19. b4 Nxe5 20. Nxe5 Rxe5 21.
Nd2 Rfe8 22. Nf3 R5e7 23. Bd2 Bf6 24. Rfe1 g5 25. Rxe7 Rxe7 26. Ra5 Be6 27. b5
axb5 28. Rxb5 h6 29. Nd4 Bxd4 30. cxd4 Ng7 31. Bb4 Rd7 32. Rb6 Rc7 33. Bc5 h5
34. Kh2 Bf5 35. Be2 h4 36. Bd1 Ne6 37. b4 Nxc5 38. bxc5 Kf7 39. Bb3 Rd7 40.
Rxb7 Rxb7 41. Bxd5+ Ke7 42. Bxb7 Kd7 43. Kg1 Bd3 44. g3 hxg3 45. fxg3 Bf5 46.
gxf4 gxf4 47. h4 Bg4 48. Kf2 Kc7 49. Bf3 Bf5 50. Ke2 Kd7 51. Kd2 Be6 52. d5 Bf5
53. Kc3 1-0

[Event "VI Festival A"]
[Site "Savigliano ITA"]
[Date "2007.06.03"]
[Round "5"]
[White "Medaglia, Enzo"]
[Black "Ariaudo, Claudio"]
[Result "0-1"]
[WhiteElo "1840"]
[BlackElo "2025"]
[PlyCount "58"]
[EventDate "2007.05.31"]

1. c4 e6 2. Nc3 d5 3. cxd5 exd5 4. d4 Be7 5. e3 Nf6 6. Bd3 O-O 7. Nf3 c6 8. O-O
Bg4 9. h3 Bh5 10. a3 Nbd7 11. b4 a6 12. Re1 Bd6 13. e4 dxe4 14. Nxe4 Nxe4 15.
Bxe4 Nf6 16. Bg5 Be7 17. Bb1 Re8 18. g4 Bg6 19. Bxg6 hxg6 20. Ne5 Nd5 21. Bxe7
Rxe7 22. Qd2 Qd6 23. Re2 Rd8 24. Rd1 Qf6 25. Re4 g5 26. Rde1 Nf4 27. Kh2 Re6
28. Qe3 Qe7 29. Nd3 Rxe4 0-1

[Event "VI Festival A"]
[Site "Savigliano ITA"]
[Date "2007.06.03"]
[Round "5"]
[White "Naumkin, Igor"]
[Black "Pulito, Alberto"]
[Result "1-0"]
[WhiteElo "2497"]
[BlackElo "2277"]
[PlyCount "79"]
[EventDate "2007.05.31"]

1. d4 d5 2. c4 e6 3. Nf3 Nf6 4. Bg5 Be7 5. e3 O-O 6. Nc3 c5 7. cxd5 exd5 8.
dxc5 Bxc5 9. Be2 Nc6 10. O-O Be6 11. Rc1 Bb6 12. Na4 d4 13. Nxb6 axb6 14. Nxd4
Nxd4 15. exd4 Rxa2 16. Bf3 Qd6 17. Bxf6 gxf6 18. Qd2 Ra4 19. d5 Bf5 20. Rfe1
Kg7 21. Qc3 Rd8 22. h3 Bg6 23. Qe3 Rb4 24. b3 Rb5 25. h4 h5 26. Qe7 Rb4 27.
Qxd6 Rxd6 28. Re7 Rd4 29. Rxb7 Be4 30. Rc4 Rxc4 31. bxc4 Bxf3 32. gxf3 Kg6 33.
Kf1 Kf5 34. Ke2 Ke5 35. Ke3 Kf5 36. Kd4 Kf4 37. Rxf7 Kxf3 38. Re7 Kxf2 39. Re6
Rd8 40. Rxf6+ 1-0

[Event "VI Festival A"]
[Site "Savigliano ITA"]
[Date "2007.06.03"]
[Round "5"]
[White "Peric, Slavisa"]
[Black "Gallucci, Alessio"]
[Result "1/2-1/2"]
[WhiteElo "2289"]
[BlackElo "1994"]
[PlyCount "41"]
[EventDate "2007.05.31"]

1. d4 Nf6 2. Nf3 e6 3. e3 d5 4. c4 c6 5. Nbd2 Nbd7 6. Bd3 Bd6 7. O-O O-O 8. e4
e5 9. cxd5 cxd5 10. exd5 exd4 11. Nc4 Nb6 12. Nxb6 Qxb6 13. Nxd4 Nxd5 14. Nf3
Rd8 15. Bg5 Be7 16. Bxe7 Nxe7 17. Qe2 Ng6 18. Bc4 Qf6 19. Qe3 Bg4 20. Ng5 Ne5
21. Ne4 1/2-1/2

[Event "VI Festival A"]
[Site "Savigliano ITA"]
[Date "2007.06.03"]
[Round "5"]
[White "Petritaj, Ferdinando"]
[Black "Mrdja, Milan"]
[Result "0-1"]
[WhiteElo "2141"]
[BlackElo "2367"]
[PlyCount "58"]
[EventDate "2007.05.31"]

1. d4 Nf6 2. c4 e6 3. Nc3 Bb4 4. e3 b6 5. Bd3 Bb7 6. Nge2 Bxg2 7. Rg1 Be4 8.
Rxg7 Bg6 9. e4 Nh5 10. Bh6 Nxg7 11. Bxg7 Rg8 12. Bh6 Bh5 13. Qb3 Nc6 14. O-O-O
Bxc3 15. Qxc3 Qf6 16. Be3 Bxe2 17. Bxe2 e5 18. dxe5 Qxe5 19. Qd3 O-O-O 20. f4
Qe7 21. c5 Kb8 22. Bf3 f6 23. Qb5 Kb7 24. a4 d5 25. e5 fxe5 26. Rxd5 e4 27. Re5
Nxe5 28. Bxe4+ c6 29. fxe5 Qd7 0-1

[Event "VI Festival A"]
[Site "Savigliano ITA"]
[Date "2007.06.03"]
[Round "5"]
[White "Scipioni, Gaetano"]
[Black "Biancotti, Alessandro"]
[Result "1-0"]
[WhiteElo "2096"]
[BlackElo "1856"]
[PlyCount "77"]
[EventDate "2007.05.31"]

1. d4 Nf6 2. Bf4 d5 3. Nf3 e6 4. e3 Bd6 5. Bg3 c5 6. Nbd2 O-O 7. c3 Qb6 8. Rb1
Nbd7 9. Bd3 Re8 10. Ne5 Qc7 11. f4 a6 12. Bh4 Be7 13. Bxf6 Nxf6 14. O-O b5 15.
Qf3 cxd4 16. cxd4 Qa5 17. Qe2 Qxa2 18. Ra1 Qxb2 19. Rfb1 Qc3 20. Bxb5 Rf8 21.
Rc1 Qb4 22. Rab1 Qd6 23. Ra1 Bb7 24. Ba4 Rfc8 25. Rcb1 Rcb8 26. Bc2 Bc8 27. Nb3
Nd7 28. Bxh7+ Kxh7 29. Qh5+ Kg8 30. Qxf7+ Kh7 31. Rf1 Bh4 32. Qh5+ Kg8 33. Nd2
Qb4 34. Ndf3 Nxe5 35. Nxe5 Bf6 36. Qf7+ Kh7 37. Rf3 Qe7 38. Rh3+ Bh4 39. Qxe7
1-0

[Event "VI Festival A"]
[Site "Savigliano ITA"]
[Date "2007.06.03"]
[Round "5"]
[White "Sola, Giuseppe"]
[Black "Belezky, Alexander"]
[Result "0-1"]
[WhiteElo "1935"]
[BlackElo "2404"]
[PlyCount "140"]
[EventDate "2007.05.31"]

1. e4 c5 2. Nf3 d6 3. d4 cxd4 4. Nxd4 Nf6 5. Nc3 g6 6. Be3 Bg7 7. Bc4 O-O 8. f3
Nc6 9. Qd2 Bd7 10. O-O-O Rb8 11. Nd5 b5 12. Nxc6 Bxc6 13. Nxf6+ Bxf6 14. Bd5
Bxd5 15. exd5 b4 16. Bd4 Qa5 17. Kb1 Rfc8 18. Rhe1 Rb5 19. Bxf6 exf6 20. Re4
Kg7 21. Rh4 h5 22. Rd4 Rcc5 23. g4 h4 24. g5 Qd8 25. Rxh4 Rxd5 26. gxf6+ Qxf6
27. Qh6+ Kg8 28. Qh7+ Kf8 29. Qh6+ Kg8 30. Qh7+ Kf8 31. Qh6+ Ke7 32. Re4+ Re5
33. Qe3 a5 34. Qe2 Rxe4 35. Qxe4+ Re5 36. Qb7+ Kf8 37. b3 Kg7 38. Qc7 Qxf3 39.
Qxd6 Qc3 40. a3 bxa3 41. Qxa3 Re2 42. Qb2 Qxb2+ 43. Kxb2 Rxh2 44. Rd5 Rh5 45.
Rd2 Rc5 46. c4 a4 47. bxa4 Rxc4 48. Kb3 Rc8 49. a5 g5 50. a6 Kg6 51. a7 f5 52.
Ra2 Ra8 53. Kc4 Kh5 54. Kd3 Kh4 55. Ke2 Kg3 56. Ra3+ Kg2 57. Ra5 g4 58. Rxf5
Rxa7 59. Rf2+ Kg1 60. Rf1+ Kg2 61. Rf2+ Kh3 62. Rf8 g3 63. Kf1 Ra1+ 64. Ke2 Kg2
65. Rf7 Ra8 66. Re7 Rh8 67. Re6 Kh2 68. Rg6 g2 69. Kf2 g1=Q+ 70. Rxg1 Rf8+ 0-1

[Event "VI Festival A"]
[Site "Savigliano ITA"]
[Date "2007.06.03"]
[Round "5"]
[White "Vinciguerra, Marco"]
[Black "Barletta, Mauro"]
[Result "0-1"]
[WhiteElo "2059"]
[BlackElo "2253"]
[PlyCount "90"]
[EventDate "2007.05.31"]

1. e4 e5 2. Bc4 Nf6 3. d4 exd4 4. Nf3 Nc6 5. Ng5 Ne5 6. Bb3 h6 7. f4 hxg5 8.
fxe5 Nxe4 9. Qxd4 d5 10. Bxd5 Ng3 11. Bxf7+ Kxf7 12. Qxd8 Bb4+ 13. c3 Rxd8 14.
hxg3 Be7 15. Be3 Rd5 16. Rh8 Rxe5 17. Kf2 Bf8 18. Nd2 Bg4 19. Nf3 Rxe3 20.
Rxf8+ Rxf8 21. Kxe3 Re8+ 22. Kf2 Kf6 23. Rd1 c5 24. Rd5 b6 25. b4 cxb4 26. cxb4
Bxf3 27. gxf3 Rc8 28. Ke3 Rc2 29. a3 Rg2 30. g4 Ra2 31. Rd3 Ke5 32. Rc3 Kd5 33.
Kd3 a6 34. Ke3 Ke5 35. Kd3 Kf4 36. Kc4 Rf2 37. Kd5 Rxf3 38. Rxf3+ Kxf3 39. Kc6
b5 40. Kb6 Kxg4 41. Kxa6 Kf5 42. Kxb5 g4 43. a4 g3 44. a5 g2 45. Kc6 g1=Q 0-1

[Event "VI Festival A"]
[Site "Savigliano ITA"]
[Date "2007.06.03"]
[Round "5"]
[White "Vozza, Nicola"]
[Black "Leoni, Alessandro"]
[Result "1/2-1/2"]
[WhiteElo "1995"]
[BlackElo "1838"]
[PlyCount "36"]
[EventDate "2007.05.31"]

1. d4 Nf6 2. c4 e6 3. Nc3 Bb4 4. Qc2 Nc6 5. Nf3 d6 6. Bd2 O-O 7. a3 Bxc3 8.
Bxc3 a5 9. e3 Re8 10. Be2 e5 11. dxe5 dxe5 12. h3 Qe7 13. O-O g6 14. b3 Bf5 15.
Qb2 Ne4 16. Be1 Nc5 17. Bc3 Ne4 18. Be1 Nc5 1/2-1/2